000 00859nas a2200277 4500
001 BR8803662
003 BR-BrBNA
005 20231205091159.0
007 ta
008 230509b bl.|||p| |||| 00| 00por d
040 _aBR-BrBNA
_bpor
_cBiblioteca Nacional de Agricultura
041 _a(Pt)
072 _aF03; F60
100 1 _aTillmann, M.A.A.
100 1 _aPeters, J.A.
100 1 _aMello, V.D.C.
100 1 _aSilva, J.B. da
245 1 _aTeste de envelhecimento precoce para sementes de sorgo sacarino provenientes de diferentes localizacao na panicula
650 _aSORGO ACUCAREIRO
650 _aSEMENTE
650 _aENVELHECIMENTO
650 _aMATURACAO
773 0 _tRevista Brasileira de Sementes (Brazil)
_xISSN 0101-3122
_g(1986), v. 8(3) p. 73-81
_wBR8803662
909 _a202311
_bLúcia
_c55
_dLúcia Elande
942 _2AGRIS
_n0
_cANA
999 _c123383
_d123383